| 000 | 00452nam a2200181Ia 4500 | ||
|---|---|---|---|
| 005 | 20250423100233.0 | ||
| 008 | 250422s9999 xx 000 0 und d | ||
| 020 | _a978-0-273-73409-3 | ||
| 050 | _aTA 330 .J36/ | ||
| 245 | 0 | _aModern engineering mathematics | |
| 250 | _a4th ed. with MyMathLab | ||
| 260 | _aHarlow, England ; New York | ||
| 260 | _bPrentice- hall | ||
| 260 | _c2010 | ||
| 300 | _a1097 p | ||
| 650 | _aMathematics | ||
| 942 | _cBK | ||
| 999 |
_c32696 _d32696 |
||